000 00422nam a2200157 i 4500
001 59911
003 ES-MaACL
005 20230906164123.0
007 t|
008 031031s1967 sp ||||1| spa d
245 0 0 _aEscuelas técnicas de Grado Medio
_b: (plan 1964).
250 _a[2ª ed.].
260 _a[Madrid :
_bPubl. guía,
_c1967] (
_fImnasa)
300 _a91 p. ;
_c20 cm.
852 _aES-MaACL
_jC-50419
_bR.64865
999 _c59911
_d59911